000 00826nam a22002295i 4500
001 157564
003 ES-MaACL
005 20250801034205.0
008 990315s1845 fr |||| | fre d
040 _aCCPB | B
_bspa
_cCCPB | B
100 1 _aLeroux, Pierre,
_d1797-1871
_9128894
245 1 0 _aDe l'humanité, de son principe, et de son avenir ... /
_cpar Pierre Leroux.
250 _aDeuxième édition.
260 _aParis :
_bPerrotin, Libraire-Éditeur,
_c1845.
300 _a2 v. ;
_c22 cm.
597 1 _aAntep.
597 1 _aFin tome second et dernier.
650 7 _aCristianismo
_2embne
_911425
752 _aFrancia -
_dParís
852 _aES-MaACL
_jG-14086
_z-- Enc. hol.
_q-- Sólo el t. II (420 p.)
_x-- Edic: Completar T260: (Boussac: Imprimerie de Pierre Leroux)
999 _c157564
_d157564